| 000 | 00000nam##2200000za#4500 |
| 001 | 9.617479 |
| 003 | CaOODSP |
| 005 | 20210615102217 |
| 007 | ta |
| 008 | 150406|2005||||xxc||||| f|0| 0 eng|d |
| 020 | |a0-662-41193-5 |
| 040 | |aCaOODSP|beng |
| 043 | |an-cn--- |
| 086 | 1 |aH113-9/2005-2E |
| 110 | 1 |aCanada. |bPest Management Regulatory Agency. |
| 245 | 10|aImiprothrin |
| 260 | |bHealth Canada. |c2005. |
| 300 | |a25p. : |btables ; |c28 cm. |
| 490 | 1 |aProposed registration decision |vPRDD2005-02 |
| 520 | 3 |aThis Proposed Regulatory Decision Document provides a summary of data reviewed and the rationale for the proposed full registration of these products. |
| 563 | |aProcessed |
| 590 | |a05-37|b2005-09-16 |
| 775 | 08|tImiprothrine |w(CaOODSP)9.627002 |
| 776 | 0#|tImiprothrin |w(CaOODSP)9.559590 |
| 830 | #0|aProposed registration decision ;|vPRDD2005-02|w(CaOODSP)9.514704 |